000 00844nam a2200265Ia 4500
003 OSt
005 20221005050837.0
006 a|||||r|||| 00| 0
007 ta
008 221004b |||||||| |||| 00| 0 eng d
020 _a9780742535145 (pbk)
_c2510.05
024 _a15174
037 _bCBS/219, 09/01/2015, Classic Book Service
_cTextual
040 _aCRL
_cCRL
_beng
041 _2eng
_aeng
082 _aX:87, P4
100 _aKamensky John M Ed.
_9595259
245 0 _aCollaboration
_b Using networks and partnerships
260 _aLanham
_bRowman and Littlefield Pub.
_c2004
300 _avii,392p.
_ccm.
490 _aIBM center for the business of Government
650 _aECONOMICS
942 _hX:87, P4
_cTEXL
_2cc
999 _c957803
_d957803